000 00402nam a2200157Ia 4500
008 151213s9999 xx 000 0 und d
020 _a1-85573-333-1
100 _aDavid J. Spencer
245 _aKnitting Technology
_cDavid J. Spencer
260 _aEngland
_bWoodhead Publishing
_c2001
300 _a8179 p.
650 _aTextile
650 _aTextile
700 _aDavid J. Spencer
999 _c4108
_d4108